00371nam a2200145Ia 4500008004100000020001500041041001200056082001600068100001700084245004400101260003700145300000800182650001800190700001700208221030s9999 xx 000 0 und d a812970112X aEnglish a105.23bLau aK. C. Laudan 0aE- Commerce Business Technology Society bPearson EducationaDelhic2003 a862 aMBA Computers aC. G. Traver